[Event "Stay Safe Play From Home 149"]
[Site "T#646041Emanuel Laske"]
[Date "2020.05.14"]
[Round "3"]
[White "Weltszmerc"]
[Black "Nagaram"]
[Result "1-0"]
[WhiteElo "2089"]
[BlackElo "1679"]
[Annotator "TA"]
[PlyCount "59"]
[EventDate "2020.05.14"]
[EventType "swiss (blitz)"]

{[%evp 13,59,20,37,38,82,82,125,24,26,21,50,69,95,82,110,91,170,185,284,291,291,241,243,254,231,237,248,237,360,351,392,383,461,449,656,628,992,978,941,861,1943,1871,29980,29981,5410,5414,29995,29996]} 1. d4 e6 2. c4 d5 3. Nf3 Bb4+ 4. Bd2 Bxd2+ 5. Nbxd2 Nf6 6. g3 O-O 7. Bg2 c6 8. O-O {E11: Bogo-Indian.} Bd7 9. Qc2 {[#]} dxc4 $146 ({Predecessor:} 9... Na6 10. Ne5 Rc8 11. e4 c5 12. exd5 exd5 13. dxc5 Rxc5 14. Rad1 Qc8 15. Nxd7 Qxd7 {1-0 (43) Alshameary Puente,D (1977)-Rubio Corbacho,P (1749) Seville 2017}) 10. e4 (10. Nxc4 $16 h6 11. Rac1) 10... b5 $11 11. e5 Ne8 12. Ne4 f6 {Black is now going downhill.} 13. exf6 Nxf6 14. Ne5 Nxe4 (14... Na6 $16) 15. Bxe4 $18 {Black must now prevent a4.} Na6 (15... Be8 $142 16. Rfd1 (16. Bxh7+ Kh8 $18) 16... Na6 17. Bxh7+ Kh8) 16. Bxh7+ Kh8 17. Ng6+ Kxh7 18. Nxf8+ Kg8 19. Ng6 Nb4 20. Qe4 Qe8 (20... Be8 {might work better.} 21. Nf4 Nd5 22. Nxe6 Qf6) 21. Ne5 Rd8 22. a3 Na6 23. Rfe1 c5 (23... Nc7 $142 24. a4 b4) 24. Rad1 cxd4 25. Qxd4 Nb8 26. Qd6 Bc6 27. Qxd8 Qxd8 28. Rxd8+ Kh7 29. Rxb8 Be4 30. Rxe4 {Accuracy: White = 87%, Black = 11%.} 1-0

[Event "Stay Safe Play From Home 149"]
[Site "T#646041Emanuel Laske"]
[Date "2020.05.14"]
[Round "3"]
[White "Käptn"]
[Black "Ionutn28"]
[Result "1-0"]
[WhiteElo "2055"]
[BlackElo "1854"]
[Annotator "TA"]
[PlyCount "87"]
[EventDate "2020.05.14"]
[EventType "swiss (blitz)"]

{[%evp 15,87,44,44,34,58,35,36,0,53,21,45,14,24,17,44,14,34,5,17,16,20,8,13,0,0,0,0,0,0,0,19,0,0,-20,6,-35,8,2,3,6,8,0,8,-13,0,-15,18,10,13,-17,21,14,28,19,27,20,13,5,10,0,8,0,104,113,127,22,19,-83,-75,-78,-76,-93,-65,-68]} 1. c4 c5 2. g3 d6 3. Bg2 Nf6 4. Nf3 Nc6 5. O-O e6 6. d4 cxd4 7. Nxd4 Bd7 8. Nc3 Be7 9. b3 {A33: Symmetrical English: 2 Nf3 Nf6 3 d4 cxd4 4 Nxd4 e6 5 Nc3 Nc6.} O-O 10. Bb2 a6 11. Nc2 {White is slightly better.} Qc7 (11... Rb8 $11) 12. Rc1 Rac8 {[#]} 13. h3 $146 ({Predecessor:} 13. Qd2 Rfd8 14. Rfd1 Qb8 15. Ba3 Be8 16. Nb4 Nxb4 17. Bxb4 Bc6 18. Qd3 Bxg2 19. Kxg2 {1-0 (32) Leiva Rodriguez,J (2424)-Mendoza,R (2166) Bogota 2013}) 13... h6 14. Qd2 Ne5 {[%cal Bc6e5,Be5d7,Bd7c5,Bc5e4][%mdl 32]} 15. Rfd1 Rfd8 16. Ne4 {[%cal Re4d6]} Nxe4 17. Bxe4 Bc6 18. Bxc6 Qxc6 19. Ne3 Nd7 20. Qc3 {[%csl Gb2][%cal Rc3g7] [#]} Bf6 21. Qd2 Bxb2 22. Qxb2 Nc5 23. Qd2 Ne4 24. Qe1 b6 25. Qf1 (25. f3 {feels hotter.} Qc5 26. Rd3 Nf6 27. Kg2 Nd7 28. Ng4) 25... Nc5 (25... b5 {is interesting.} 26. Rd4 f5 27. Qe1 Qc5 28. Rcd1 b4) 26. Qg2 Qxg2+ 27. Kxg2 Kf8 28. Rd2 Ke7 29. Rcd1 Rd7 30. Nc2 Rcd8 31. Nd4 {[#] And now Nc6+ would win.} Rc8 32. Nc2 Rcd8 33. f3 Nb7 34. Nd4 {Hoping for Nc6+.} Rc8 35. e4 Na5 36. Nc2 Nc6 37. Ne3 Ne5 38. Kf2 Rc5 (38... g5 $11) 39. f4 $16 Nc6 40. Nc2 (40. e5 $1 $16) 40... b5 {[%cal Bb6b5,Bb5c4][%mdl 32]} 41. Nd4 (41. Ne3 $11) 41... bxc4 $17 42. Nxc6+ Rxc6 43. Rc2 Rdc7 44. Rdc1 $1 {[%mdl 32768] Accuracy: White = 70%, Black = 75%. . Loss on time!?} 1-0

[Event "Stay Safe Play From Home 149"]
[Site "T#646041Emanuel Laske"]
[Date "2020.05.14"]
[Round "3"]
[White "Lazieri3"]
[Black "Tumnik_ad"]
[Result "1-0"]
[WhiteElo "1964"]
[BlackElo "1975"]
[Annotator "TA"]
[PlyCount "135"]
[EventDate "2020.05.14"]
[EventType "swiss (blitz)"]

{[%evp 9,134,-15,-14,-41,36,-91,-70,-70,-65,-116,-56,-68,0,0,0,0,26,-70,47,18,38,33,50,17,35,0,43,41,46,50,45,50,123,111,70,23,21,21,24,29,187,172,180,177,406,235,383,294,452,431,430,387,360,343,1968,1831,2331,2179,5169,5167,29977,29978,29979,29980,29979,29980,29980,29973,29972,29973,29961,29974,29982,12797,29986,29987,29987,29988,29987,29988,29988,29988,29990,29991,29991,29990,29990,29991,29991,29990,29990,29989,29989,29990,29990,29991,29991,29992,29992,29993,29993,29992,29994,29993,29994,29994,29994,29995,29995,29996,29996,29997,29997,29997,29997,29997,29997,29997,29997,29998,29998,29997,29998,29998,29998,29999,29999]} 1. e4 e6 2. Nc3 b6 3. d4 Bb7 4. d5 Bb4 5. dxe6 fxe6 {[#]} (5... Bxc3+ $5 6. bxc3 fxe6 $11) 6. f3 $146 {B00: Queen's Fianchetto Defence, Nimzowitsch Defence.} ({Predecessor:} 6. Bd3 Nf6 7. Bd2 O-O 8. Nge2 Nc6 9. O-O Qe7 10. a3 Bd6 11. Nb5 Be5 12. c3 {0-1 (26) Pieleck,R (1661)-Strohmeier,J (1962) Remote email 2012}) 6... Nh6 (6... Bxc3+ $15 7. bxc3 Qh4+ 8. g3 Qf6) 7. Bxh6 (7. Qd4 $14 Bf8 8. Be3) 7... Qh4+ 8. g3 {Black is slightly better.} Qxh6 9. Nge2 (9. Qd2 $15) 9... Qe3 ({Black should play} 9... Rf8 $17 10. a3 Bxc3+ 11. Nxc3 Qe3+ 12. Qe2 Qxf3 13. Qxf3 Rxf3) 10. Qd3 $15 Bxc3+ (10... Bc5 $15) 11. Qxc3 $11 Qxc3+ 12. Nxc3 O-O 13. O-O-O (13. f4 $11) 13... Bc6 (13... Rxf3 $15 14. Nb5 a6 15. Nxc7 Ra7) 14. Bg2 h6 15. f4 Na6 16. a3 Nc5 17. Rhe1 Rad8 18. Rd2 Na4 19. Nxa4 Bxa4 20. e5 Bc6 (20... g5 $14) 21. Bxc6 $16 dxc6 {[%mdl 4096] Endgame KRR-KRR} 22. Red1 Rd5 23. c4 Rxd2 24. Rxd2 $11 {KR-KR} Rf7 $2 {[#] Now Black is done in.} (24... g5 $11 {and Black stays safe.}) 25. Rd8+ $1 $18 Kh7 {[#]} 26. Kd2 $1 a5 $2 (26... Kg6 27. Ke3 Re7) 27. Ke3 (27. Re8 $142) 27... c5 (27... Re7 {was worth a try.} 28. c5 b5) 28. Ke4 Kg6 (28... h5 $142 29. Re8 Rd7 30. Rxe6 Rd2) 29. g4 Re7 30. h3 Kf7 {Now ...Re8 and Black clings on.} 31. f5 Re8 $2 (31... c6 32. Rc8 b5 33. cxb5 cxb5 34. Rxc5 Rb7) 32. Rxe8 {[%mdl 64] Overworked Piece} Kxe8 33. fxe6 {KP-KP} Ke7 34. Kf5 c6 35. a4 Kf8 36. Kg6 Ke7 37. Kxg7 Kxe6 38. Kh7 Kxe5 39. Kxh6 Kd4 40. g5 b5 41. g6 (41. cxb5 $142 cxb5 42. axb5 Ke5 43. g6 a4 44. g7 c4 45. g8=Q Kd4 46. b6) 41... bxc4 42. g7 {White mates.} c3 43. bxc3+ Kc4 44. g8=Q+ Kxc3 45. Qa8 Kb4 46. Qxc6 c4 47. Qb5+ Kc3 48. Kg5 Kd3 49. Qxa5 c3 {[#]} 50. Qxc3+ $1 {[%mdl 64] Clearance, Promotion} Kxc3 {KP-KP} 51. a5 Kb4 52. a6 Kc5 53. a7 Kd4 54. a8=Q Kd3 55. Qf8 Ke4 56. h4 Kd4 57. h5 Kc4 58. h6 Kd5 59. h7 Ke4 60. h8=Q Kd5 61. Qhg7 Kc4 62. Qge7 Kd3 63. Qff6 Kc2 64. Qee5 Kb3 65. Qff4 Ka2 66. Qee3 Kb1 67. Qff2 {[%cal Re3e1]} Ka1 68. Qee1# {Accuracy: White = 63%, Black = 33%.} 1-0

[Event "Stay Safe Play From Home 149"]
[Site "T#646041Emanuel Laske"]
[Date "2020.05.14"]
[Round "3"]
[White "Emresenar"]
[Black "Don59as"]
[Result "0-1"]
[WhiteElo "1795"]
[BlackElo "2015"]
[Annotator "NA RC"]
[PlyCount "72"]
[EventDate "2020.05.14"]
[EventType "swiss (blitz)"]

1. e4 {[%emt 0:00:01]} e5 {[%emt 0:00:01]} 2. Nf3 {[%emt 0:00:00]} Nc6 {[%emt 0:00:01]} 3. Bb5 {[%emt 0:00:00]} f5 {[%emt 0:00:01]} 4. Nc3 {[%emt 0:00:02]} Nf6 {[%emt 0:00:01]} 5. O-O {[%emt 0:00:02]} d6 {[%emt 0:00:00]} 6. exf5 {[%emt 0:00:02]} Bxf5 {[%emt 0:00:01]} 7. Bxc6+ {[%emt 0:00:01]} bxc6 {[%emt 0:00:01]} 8. d4 {[%emt 0:00:00]} e4 {[%emt 0:00:01]} 9. Nd2 {[%emt 0:00:03]} d5 {[%emt 0:00:01]} 10. f3 {[%emt 0:00:02]} Bd6 {[%emt 0:00:03]} 11. fxe4 {[%emt 0:00:02]} Bxe4 {[%emt 0:00:01]} 12. Ncxe4 {[%emt 0:00:02]} dxe4 {[%emt 0:00:01]} 13. Qe2 {[%emt 0:00:02]} O-O {[%emt 0:00:02]} 14. Nxe4 {[%emt 0:00:03]} Nxe4 {[%emt 0:00:01]} 15. Rxf8+ {[%emt 0:00:04]} Qxf8 {[%emt 0:00:02]} 16. Qxe4 {[%emt 0:00:01]} Re8 {[%emt 0:00:01]} 17. Qh4 {[%emt 0:00:03]} Qf5 {[%emt 0:00:08]} 18. Bg5 {[%emt 0:00:14]} Qxc2 {[%emt 0:00:04]} 19. Rf1 {[%emt 0:00:04]} Qxb2 {[%emt 0:00:04]} 20. Qg4 {[%emt 0:00:04]} Qxa2 {[%emt 0:00:05]} 21. Bf6 {[%emt 0:00:01]} g6 {[%emt 0:00:03]} 22. Qh4 {[%emt 0:00:01]} Qf7 {[%emt 0:00:03]} 23. Qh6 {[%emt 0:00:01]} Bf8 {[%emt 0:00:02]} 24. Qg5 {[%emt 0:00:02]} Bg7 {[%emt 0:00:02]} 25. Bxg7 {[%emt 0:00:01]} Qxg7 {[%emt 0:00:01]} 26. Qf4 {[%emt 0:00:00]} Rf8 {[%emt 0:00:02]} 27. Qxf8+ {[%emt 0:00:01]} Qxf8 {[%emt 0:00:00]} 28. Rxf8+ {[%emt 0:00:01]} Kxf8 {[%emt 0:00:00]} 29. Kf2 {[%emt 0:00:00]} Ke7 {[%emt 0:00:00]} 30. Ke2 {[%emt 0:00:00]} Kd6 {[%emt 0:00:00]} 31. Kd3 {[%emt 0:00:00]} Kd5 {[%emt 0:00:00]} 32. Kc3 {[%emt 0:00:00]} a5 {[%emt 0:00:00]} 33. g3 {[%emt 0:00:00]} a4 {[%emt 0:00:01]} 34. h4 {[%emt 0:00:00]} a3 {[%emt 0:00:00]} 35. Kb3 {[%emt 0:00:00]} Kxd4 {[%emt 0:00:00]} 36. Kxa3 {[%emt 0:00:00] .} Ke4 {[%emt 0:00:00]} 0-1

[Event "Stay Safe Play From Home 149"]
[Site "T#646041Emanuel Laske"]
[Date "2020.05.14"]
[Round "3"]
[White "Gibiz144"]
[Black "Trotsky"]
[Result "1-0"]
[WhiteElo "1586"]
[BlackElo "1637"]
[Annotator "NA RC"]
[PlyCount "31"]
[EventDate "2020.05.14"]
[EventType "swiss (blitz)"]

1. d4 {[%emt 0:00:01]} d5 {[%emt 0:00:01]} 2. Bg5 {[%emt 0:00:01]} f6 {[%emt 0:00:01]} 3. Bh4 {[%emt 0:00:01]} g5 {[%emt 0:00:01]} 4. e4 {[%emt 0:00:01]} gxh4 {[%emt 0:00:02]} 5. Qh5+ {[%emt 0:00:01]} Kd7 {[%emt 0:00:02]} 6. Qxd5+ {[%emt 0:00:00]} Ke8 {[%emt 0:00:02]} 7. Qh5+ {[%emt 0:00:01]} Kd7 {[%emt 0:00:02]} 8. Bc4 {[%emt 0:00:02]} Nc6 {[%emt 0:00:05]} 9. Nc3 {[%emt 0:00:02]} Na5 {[%emt 0:00:07]} 10. Qxa5 {[%emt 0:00:04]} b6 {[%emt 0:00:01]} 11. Qf5+ {[%emt 0:00:02]} Ke8 {[%emt 0:00:01]} 12. Qh5+ {[%emt 0:00:01]} Kd7 {[%emt 0:00:03]} 13. O-O-O {[%emt 0:00:02]} c6 {[%emt 0:00:03]} 14. d5 {[%emt 0:00:01]} Kc7 {[%emt 0:00:02]} 15. dxc6 {[%emt 0:00:02]} Kb8 {[%emt 0:00:01]} 16. Rxd8 {[%emt 0:00:02] Trotsky Ñäàåòñÿ (Lag: Av=0.35s, max=0.6s)} 1-0

[Event "Stay Safe Play From Home 149"]
[Site "T#646041Emanuel Laske"]
[Date "2020.05.14"]
[Round "3"]
[White "Tobo Rubirosa"]
[Black "Little champs"]
[Result "0-1"]
[WhiteElo "1512"]
[BlackElo "2130"]
[Annotator "TA"]
[PlyCount "52"]
[EventDate "2020.05.14"]
[EventType "swiss (blitz)"]

{[%evp 9,52,21,14,15,19,16,23,28,48,39,88,70,108,41,140,143,228,118,174,129,141,137,121,56,95,-125,-119,-145,-93,-158,-116,-152,221,-129,-136,-141,-160,-336,-303,-286,-246,-235,-142,-278,-234]} 1. Nf3 c6 2. d4 d5 3. c4 Nf6 4. Qc2 e6 5. g3 a5 6. Bg2 {D30: Queen's Gambit Declined: Systems without Nc3.} Be7 7. O-O O-O {[#]} 8. Rd1 $146 {White has an edge.} ({Predecessor:} 8. Nbd2 Nbd7 9. b3 a4 10. Bb2 Qa5 11. c5 Qa6 12. Rfe1 b5 13. cxb6 Bb7 14. Bc3 Rfc8 15. b4 Nxb6 16. Ne5 Nbd7 {1-0 (70) Wilczynski,A (1726)-Woloszyn,P (1750) Warsaw 2010}) 8... dxc4 9. Ne5 Na6 10. Nxc4 (10. a3 {looks sharper.} Nc7 11. Nxc4 Nb5 12. e3 Nd7 13. b3) 10... Nd5 11. Nc3 (11. a3 $16) 11... Nxc3 ({Black should play} 11... Nab4 $14 12. Qe4 Nb6 13. Nxb6 Qxb6) 12. bxc3 $16 Qe8 (12... Nc7 $16 13. Rb1 Ra6) 13. Ne5 ({Don't play} 13. Nxa5 $6 Nc7) (13. Nb6 $18 Ra7 14. Be3) 13... Bf6 (13... f6 $16) 14. Ba3 Be7 15. Bxe7 Qxe7 16. Qa4 (16. Nc4 $16) 16... Nc7 17. Nxc6 $2 {[#]} (17. Qc4 $16) 17... bxc6 $17 18. Qxc6 Ra7 ({Black should try} 18... Ba6 {aiming for ...Rfc8.} 19. c4 Rfc8) 19. Qb6 (19. c4 $142) 19... Ra6 20. Qb8 Bd7 $2 {[#]} (20... e5 $17 {and life is bright.} 21. Qb2 Rh6) 21. Qb3 $2 (21. Qxc7 $18 {Hoping for Bb7.} Rc8 22. Qb7) 21... Bc6 22. Bxc6 Rxc6 23. Qb7 $2 (23. c4 $17) 23... Qd6 24. Rac1 Nd5 25. c4 Nf6 26. d5 (26. c5 $17 Qd5 27. Qb3) 26... exd5 {Accuracy: White = 28%, Black = 32%.} 0-1

[Event "Stay Safe Play From Home 149"]
[Site "T#646041Emanuel Laske"]
[Date "2020.05.14"]
[Round "4"]
[White "Popovic Milan"]
[Black "Indianquant"]
[Result "1-0"]
[WhiteElo "2676"]
[BlackElo "2313"]
[Annotator "TA"]
[PlyCount "35"]
[EventDate "2020.05.14"]
[EventType "swiss (blitz)"]

{[%evp 10,35,19,12,12,0,0,0,0,0,0,12,22,10,26,22,36,0,0,-2,14,22,78,80,91,89,1178,1150]} 1. e4 c5 2. Nf3 d6 3. d4 cxd4 4. Nxd4 Nf6 5. Nc3 {[%cal Bb1c3,Bc3a2,Ba2b4,Bb4d5][%mdl 32]} a6 6. a3 e5 {B90: Sicilian Najdorf: Unusual White 6th moves, 6 Be3 Ng4 and 6 Be3 e5.} 7. Nf5 d5 8. Bg5 {[%cal Rc3d5]} d4 $1 {[%cal Rd4c3] The position is equal.} 9. Bxf6 $1 gxf6 10. Na2 Be6 11. Bd3 {[#]} Nd7 $146 ({Predecessor:} 11... Nc6 12. O-O h5 13. Qf3 Qd7 14. b4 Ne7 15. c4 Ng6 16. g3 h4 17. c5 Bh6 {1-0 (31) Ramesh,R (2470)-Montilla Carrillo,E (2228) Barcelona 2017}) 12. O-O Nc5 13. Qf3 Qd7 14. Rfd1 Rd8 15. Nb4 a5 (15... Rg8 $11 {remains equal.}) 16. Nd5 $1 $16 {[%cal Rd5f6][%mdl 64] [#] Deflection} Bxd5 17. exd5 {Strongly threatening Nxd4!} Qxd5 $2 {[%mdl 8192]} (17... Nxd3 $16 18. cxd3 Rg8) 18. Bb5+ {Accuracy: White = 89%, Black = 71%.} 1-0

[Event "Stay Safe Play From Home 149"]
[Site "T#646041Emanuel Laske"]
[Date "2020.05.14"]
[Round "4"]
[White "Shatarchin7"]
[Black "Lazieri3"]
[Result "1-0"]
[WhiteElo "2290"]
[BlackElo "1982"]
[Annotator "TA"]
[PlyCount "79"]
[EventDate "2020.05.14"]
[EventType "swiss (blitz)"]

{[%evp 9,79,34,117,125,122,52,52,62,53,0,39,-2,29,33,41,-33,0,0,0,0,0,0,36,35,34,31,36,37,88,94,86,85,130,130,129,118,168,168,206,203,270,264,427,410,1487,1130,2643,3004,1250,1247,29984,29985,29989,29990,29990,29990,29990,29990,29990,29991,29991,29992,29993,29994,29994,29995,29995,29995,29995,29995,29997,29998]} 1. Nf3 c6 2. d4 d5 3. c4 Nf6 4. Nc3 Bf5 5. Qb3 b6 ({Black should play} 5... Qb6 $14) 6. cxd5 $16 {D15: Slav Defence: 4 Nc3 a6 and gambit lines after 4 Nc3 dxc4.} Nxd5 7. Nxd5 (7. e4 $16 Nxc3 8. exf5) 7... Qxd5 $14 8. Qxd5 {White is slightly better.} cxd5 9. e3 (9. Bf4 $14) 9... a6 {[#]} 10. Ne5 $146 ({Predecessor:} 10. Bd2 Nd7 11. Rc1 e6 12. Be2 Bd6 13. O-O Ke7 14. Rc6 Rhc8 15. Rfc1 Rxc6 16. Rxc6 {1-0 (34) Mungunzul,B (1564)-Lim,D (1556) Ulaanbaatar 2015}) 10... e6 (10... f6 $5 {[%cal Rf6e5]} 11. Bd3 Bxd3 12. Nxd3 Nc6 $11) 11. Bd2 Nd7 {[%cal Bb8d7,Bd7e5,Be5f3][%mdl 32]} 12. g4 (12. Nc6 $14) 12... Nxe5 13. gxf5 Nf3+ 14. Ke2 Nxd2 15. Kxd2 Bb4+ 16. Kd3 exf5 17. Bg2 $36 {[%mdl 2048] Black is under pressure.} Rd8 18. Rac1 {[%mdl 1024] White has compensation.} O-O ({Black should try} 18... Be7 $14) 19. Rc6 $16 {Black is now going downhill.} Rd6 20. Rhc1 Rfd8 21. a3 Rxc6 22. Rxc6 {[%mdl 4096] Endgame KRB-KRB} Bd6 23. h3 ({Don't do} 23. Bxd5 $6 Bxh2 24. Bc4 b5 $14) 23... b5 24. Rxa6 b4 25. a4 b3 $2 {[#]} (25... Bh2 26. a5 Kf8) 26. Bxd5 $18 Ba3 (26... g5 $142 27. a5 Bb4 28. Bxb3 Rd7 29. Ra8+ Kg7) 27. bxa3 {KRB-KR} b2 28. Kc2 Rb8 29. Kb1 g6 30. Ra8 {White mates.} Kg7 31. Rxb8 Kh6 32. Kxb2 f4 33. a5 {[%cal Ba4a5,Ba5a6,Ba6a7][%mdl 32]} fxe3 34. fxe3 f5 35. a6 f4 36. exf4 Kh5 37. a7 g5 38. fxg5 h6 39. gxh6 Kh4 40. Rg8 {Accuracy: White = 67%, Black = 30%.} 1-0

[Event "Stay Safe Play From Home 149"]
[Site "T#646041Emanuel Laske"]
[Date "2020.05.14"]
[Round "4"]
[White "Little champs"]
[Black "Mepe_Nika"]
[Result "0-1"]
[WhiteElo "2131"]
[BlackElo "2262"]
[Annotator "TA"]
[PlyCount "72"]
[EventDate "2020.05.14"]
[EventType "swiss (blitz)"]

{[%evp 23,71,0,10,0,8,0,0,0,375,-68,75,68,151,-68,-67,-89,0,-51,-26,-37,-48,-55,-25,-24,-32,-29,-35,-30,-16,-41,-41,-58,-58,-95,-91,-285,-284,-427,-418,-729,-291,-318,-208,-360,-318,-29991,-29992,-29995,-29996,-29999]} 1. e4 e5 2. Nc3 Nf6 3. Nf3 Nc6 4. d4 exd4 5. Nxd4 Bb4 6. Nxc6 bxc6 7. Bd3 d5 8. exd5 O-O 9. O-O cxd5 10. Bg5 c6 11. Qf3 Bd6 12. h3 {12.h3 is the modern continuation.} Rb8 13. b3 {C47: Scotch Four Knights and Four Knights with 4 g3.} Be5 14. Bd2 Qd6 15. Rae1 {[#] Threatens to win with Rxe5!The position is equal.} c5 $146 {[%mdl 8192] [#]} (15... Rb7 $11 {and Black is okay.}) ({Predecessor:} 15... Bb7 16. Rxe5 Qxe5 17. Bf4 Qe7 18. Bxb8 Rxb8 19. g4 Re8 20. Ne2 c5 21. Ng3 d4 22. Qf5 g6 23. Qg5 Qe6 24. Nf5 Qe5 25. h4 h5 26. f3 Bc8 27. Kf2 Qh2# {0-1 (27) Fuchs,G (2234)-Baumegger,S (2441) Playchess.com INT 2020}) 16. Bf5 $2 (16. Rxe5 $1 $18 {[%mdl 512]} Qxe5 17. Bf4 {[%mdl 64] Skewer} Qxc3 18. Bxh7+ $1 {[%mdl 576] Discovered Attack} (18. Bxb8 Bf5 $16) 18... Nxh7 19. Qxc3) 16... Bb7 (16... Ba6 $15 {keeps the upper hand.} 17. Rxe5 Qxe5) 17. Nb5 $1 $16 {[%csl LRa7,LRd6]} Qb6 ({Better is} 17... Bh2+ $1 $14 18. Kh1 Qb6) 18. a4 $2 (18. Rxe5 $16 Qxb5 19. Rfe1) 18... d4 $15 19. Qd3 {[#]} Rfe8 (19... Rbe8 $1 $17 20. Bg5 Qc6) 20. f4 (20. Re2 $11) 20... Bc7 21. Nxc7 Qxc7 22. Bg4 Nxg4 $40 {[%mdl 128] Black mounts an attack.} 23. hxg4 Qc6 {[%csl Gb7][%cal Rc6g2]} 24. Rf2 Rxe1+ 25. Bxe1 Re8 26. Re2 h6 27. Rxe8+ Qxe8 28. Bf2 Qc6 {[%csl Gb7][%cal Rc6g2]} 29. Qf1 $2 {This move loses the game for White.} (29. Qg3 $17 {was necessary.}) 29... Qe4 $1 $19 {[%csl LRc2,LRf4][%mdl 64] Double Attack} 30. Bg3 (30. c3 $142) 30... Qxc2 {Hoping for ...d3.} 31. f5 (31. Be1 $142) 31... Qe4 $2 (31... d3 {( -> ...d2)} 32. Bf4 d2 33. Bxd2 Qxd2) 32. f6 gxf6 {aiming for ...Qc2.} 33. Bh4 $2 (33. Bf4) 33... d3 34. Bxf6 $2 (34. Be1 $19) 34... d2 {Black mates.} 35. Bc3 d1=Q {[%mdl 64] Deflection} 36. Qxd1 Qxg2# {Accuracy: White = 32%, Black = 46%.} 0-1

[Event "Stay Safe Play From Home 149"]
[Site "T#646041Emanuel Laske"]
[Date "2020.05.14"]
[Round "4"]
[White "SoulofWolf"]
[Black "Weltszmerc"]
[Result "0-1"]
[WhiteElo "2105"]
[BlackElo "2092"]
[Annotator "TA"]
[PlyCount "104"]
[EventDate "2020.05.14"]
[EventType "swiss (blitz)"]

{[%evp 9,103,25,19,17,65,21,230,10,20,-14,4,4,44,0,4,10,15,12,10,-6,-2,-15,0,-29,-34,-664,-657,-632,-648,-1054,-1047,-1028,-1013,-1077,-1062,-1387,-1385,-1812,-1745,-1810,-1679,-1584,-997,-1558,-1298,-1634,-1252,-1152,-1061,-5397,-5385,-29955,-1600,-5373,-3135,-29991,-1412,-1729,-1433,-2382,-1437,-29980,-29981,-29981,-29984,-29994,-29995,-29995,-29977,-29989,-29990,-29990,-29991,-29999,-29994,-29994,-29994,-29995,-29993,-29993,-29993,-29995,-29995,-29996,-29996,-29997,-29996,-29997,-29996,-29997,-29997,-29997,-29998,-29999,-29999,-29999]} 1. Nf3 Nf6 2. d4 d5 3. Bg5 c6 4. Nbd2 Ne4 5. Bf4 Nxd2 6. Qxd2 {D03: 1 d4 d5 2 Nf3 Nf6 3 Bg5, including Torre Attack with early ...d5.} Qb6 {[#]} 7. b3 $146 ({Predecessor:} 7. c3 g6 8. e3 Bg7 9. Be2 Nd7 10. Qc2 O-O 11. Bd3 c5 12. O-O Nf6 13. h3 {0-1 (41) Maurel,J (2119)-Mullon,J (2215) Besancon 1999}) 7... Bf5 $2 {[#]} (7... Nd7 $11) 8. c3 $2 ({White must play} 8. Bxb8 $1 $18 {Strongly threatening Bg3.} Rxb8 9. Qf4 {[%mdl 64] Double Attack}) 8... e6 $11 9. h3 c5 10. e3 cxd4 11. exd4 Be4 12. Be2 Nc6 13. O-O Be7 14. Ne1 O-O 15. Rc1 Rac8 16. g3 Ba3 17. f3 $2 {[%mdl 8192] Black converts the advantage convincingly.} (17. Rd1 $15) 17... Bxc1 $19 18. Qxc1 {[#]} Nxd4 $1 19. cxd4 Rxc1 20. Bxc1 Qxd4+ 21. Kg2 Bg6 22. Bf4 e5 23. Bc1 Rc8 24. Ba3 e4 25. Rf2 a6 26. Bf1 b5 27. Bd6 h6 {aiming for ...Rc1.} 28. Bf4 Bh7 29. g4 exf3+ 30. Nxf3 Be4 (30... Qxf4 $142 31. Be2 Rc3 32. a4 Be4 33. axb5 Re3 34. Kg1 Bxf3 35. Rxf3 Rxf3 36. Bxf3 Qxf3 {[%mdl 64] Double Attack} 37. b6 d4 38. h4 d3 39. b7 Qxb7 40. Kf2 Qe4 41. g5 d2 42. g6 fxg6 43. h5 d1=Q {[%mdl 64] Double Attack} 44. Kg3 Qde1+ 45. Kh3 Q1h4#) 31. Kg3 Bxf3 32. Rxf3 Rc3 (32... Qg1+ $142 33. Kh4 g5+ 34. Bxg5 hxg5+ 35. Kxg5 Rc1 36. Be2 {[#]} Qg2 $1 {[%mdl 512]} 37. Re3 Rc6 38. Re8+ Kg7 39. Kf4 Qf2+ 40. Bf3 Rf6+ 41. Ke5 Qe3+ 42. Kxd5 Qd2+ {[%mdl 64] Double Attack} 43. Ke5 Qf4+ {[%mdl 64] Double Attack} 44. Kd5 Rd6+ 45. Kc5 Qd4#) 33. Bg2 Rxf3+ 34. Bxf3 g5 35. Bc1 Qg1+ {[%mdl 64] Double Attack. Black mates.} 36. Bg2 Qxc1 {[%csl Gg5][%cal Rc1f4]} 37. h4 Qf4+ 38. Kh3 f6 39. h5 Kg7 40. Bxd5 f5 41. Bg2 Qxg4+ 42. Kh2 f4 43. Kg1 {[#]} Qg3 $1 44. Kf1 f3 45. Bh1 f2 46. Bg2 g4 47. b4 Kf6 48. a4 Ke5 49. a5 Kf4 50. Bd5 Ke3 {[%csl Gf2][%cal Rg3g1]} 51. Bc6 Qh2 {[%csl Gf2][%cal Rh2g1]} 52. Bg2 Qg1# {Accuracy: White = 34%, Black = 65%.} 0-1